Simply beautiful beaded jewelry : (Record no. 134)

MARC details
000 -LEADER
fixed length control field 00827cam a22002897a 4500
005 - DATE AND TIME OF LATEST TRANSACTION
control field 20260322212007.0
008 - FIXED-LENGTH DATA ELEMENTS--GENERAL INFORMATION
fixed length control field data
010 ## - LIBRARY OF CONGRESS CONTROL NUMBER
LC control number 2005026360
020 ## - INTERNATIONAL STANDARD BOOK NUMBER
International Standard Book Number 9781581807745
020 ## - INTERNATIONAL STANDARD BOOK NUMBER
International Standard Book Number 1581807740
040 ## - CATALOGING SOURCE
Original cataloging agency DLC
Transcribing agency DLC
Modifying agency DLC
-- DLC
042 ## - AUTHENTICATION CODE
Authentication code pcc
050 00 - LIBRARY OF CONGRESS CALL NUMBER
Classification number TT860
Item number .B688 2006
082 00 - DEWEY DECIMAL CLASSIFICATION NUMBER
Classification number 745.594/2
Edition information 22
092 ## - LOCALLY ASSIGNED DEWEY CALL NUMBER (OCLC)
Classification number 745.594 B688 2006
001 - CONTROL NUMBER
control field data
100 1# - MAIN ENTRY--PERSONAL NAME
Personal name Boyd, Heidi,
Dates associated with a name 1966-
245 10 - TITLE STATEMENT
Title Simply beautiful beaded jewelry :
Remainder of title 50 quick and easy projects /
Statement of responsibility, etc. Heidi Boyd.
246 30 - VARYING FORM OF TITLE
Title proper/short title Beaded jewelry
250 ## - EDITION STATEMENT
Edition statement 1st ed.
260 ## - PUBLICATION, DISTRIBUTION, ETC.
Place of publication, distribution, etc. Cincinnati, Ohio :
Name of publisher, distributor, etc. North Light Books,
Date of publication, distribution, etc. c2006.
300 ## - PHYSICAL DESCRIPTION
Extent 127 p. :
Other physical details col. ill. ;
Dimensions 28 cm.
500 ## - GENERAL NOTE
General note Includes index.
650 #0 - SUBJECT ADDED ENTRY--TOPICAL TERM
Topical term or geographic name entry element Beadwork.
650 #0 - SUBJECT ADDED ENTRY--TOPICAL TERM
Topical term or geographic name entry element Jewelry making.
856 41 - ELECTRONIC LOCATION AND ACCESS
Materials specified Table of contents
Uniform Resource Identifier <a href="http://www.loc.gov/catdir/toc/ecip0519/2005026360.html">http://www.loc.gov/catdir/toc/ecip0519/2005026360.html</a>
Holdings
Withdrawn status Lost status Damaged status Not for loan Home library Current library Shelving location Date acquired Total checkouts Full call number Barcode Date last seen Price effective from Koha item type
        Fairfield Fairfield General stacks 22/03/2026   745.594/2 22 BC0010138 22/03/2026 22/03/2026 Books